[Event "Madrid-chT 1415"]
[Site "Madrid"]
[Date "2015.02.08"]
[Round "9.3"]
[White "Rubio Mejia, Luis Ignacio"]
[Black "Fraga Castro, Jose Carlos"]
[Result "1-0"]
[WhiteElo "2453"]
[BlackElo "2174"]
[PlyCount "59"]
[EventDate "2014.11.23"]
[EventType "team-tourn"]
[EventRounds "14"]
[EventCountry "ESP"]
[SourceTitle "EXT 2016"]
[Source "ChessBase"]
[SourceDate "2015.10.08"]
[SourceVersion "1"]
[SourceVersionDate "2015.10.08"]
[SourceQuality "1"]
[WhiteTeam "Virgen de Atocha"]
[BlackTeam "Moratalaz"]
[WhiteTeamCountry "ESP"]
[BlackTeamCountry "ESP"]

1. d4 d6 2. Nf3 g6 3. c4 Bg7 4. Nc3 Bg4 5. e3 Nf6 6. Be2 0-0 7. 0-0 c6 8. h3 Bf5 9. b4 Ne4 10. Bb2 Qc7 11. Nxe4 Bxe4 12. Nd2 Bf5 13. e4 Bc8 14. Qb3 c5 15. bxc5 dxc5 16. d5 e5 17. Bc3 Nd7 18. Qb2 h5 19. f4 f6 20. f5 Kf7 21. fxg6+ Kxg6 22. Nf3 Rh8 23. Nh4+ Kf7 24. Nf5 Nb6 25. Nxg7 Kxg7 26. Rxf6 Na4 27. Qd2 Kxf6 28. Qf4+ Kg6 29. Bxe5 Nc3 30. Qg3+ 1-0

[Event "Madrid-chT 1011"]
[Site "Madrid"]
[Date "2011.02.06"]
[Round "9.14"]
[White "Nieto de la Cruz, Julio"]
[Black "Fraga Castro, Jose Carlos"]
[Result "1-0"]
[WhiteElo "2135"]
[BlackElo "2212"]
[PlyCount "47"]
[EventDate "2010.11.21"]
[EventType "team-tourn"]
[EventRounds "14"]
[EventCountry "ESP"]
[SourceTitle "EXT 2012"]
[Source "ChessBase"]
[SourceDate "2011.11.24"]
[SourceVersion "1"]
[SourceVersionDate "2011.11.24"]
[SourceQuality "1"]
[WhiteTeam "Pueblo Nuevo"]
[BlackTeam "Moratalaz"]
[WhiteTeamCountry "ESP"]
[BlackTeamCountry "ESP"]

1. d4 b6 2. c4 Bb7 3. Nc3 e6 4. e4 d6 5. Bd3 g6 6. Nge2 Bg7 7. Be3 Ne7 8. Qd2 h6 9. f4 f5 10. d5 exd5 11. exd5 Na6 12. 0-0-0 Nc5 13. Bc2 a5 14. Rhg1 h5 15. h3 Bc8 16. Nd4 Kf7 17. g4 hxg4 18. hxg4 fxg4 19. f5 Nxf5 20. Rdf1 Rh5 21. Rxg4 Bf6 22. Rgf4 Bg5 23. Nxf5 Bxf4 24. Ng3 1-0

[Event "Madrid-chT 1011"]
[Site "Madrid"]
[Date "2010.12.19"]
[Round "4.44"]
[White "Cao Armillas, Jesus"]
[Black "Fraga Castro, Jose Carlos"]
[Result "1-0"]
[WhiteElo "2189"]
[BlackElo "2212"]
[PlyCount "63"]
[EventDate "2010.11.21"]
[EventType "team-tourn"]
[EventRounds "14"]
[EventCountry "ESP"]
[SourceTitle "EXT 2012"]
[Source "ChessBase"]
[SourceDate "2011.11.24"]
[SourceVersion "1"]
[SourceVersionDate "2011.11.24"]
[SourceQuality "1"]
[WhiteTeam "Collado Villalba"]
[BlackTeam "Moratalaz"]
[WhiteTeamCountry "ESP"]
[BlackTeamCountry "ESP"]

1. d4 b6 2. e4 Bb7 3. Bd3 e6 4. Ne2 d6 5. c4 g6 6. Nbc3 Bg7 7. 0-0 c5 8. d5 Nf6 9. f4 0-0 10. Ng3 exd5 11. cxd5 a6 12. a4 Qc7 13. Bd2 c4 14. Bc2 Qc5+ 15. Kh1 Nbd7 16. Qf3 b5 17. Be3 Qb4 18. Ra2 Ne8 19. Nge2 Nc5 20. Rd1 Nc7 21. Bd4 Nb3 22. Bxg7 Kxg7 23. e5 Rfd8 24. Be4 Qc5 25. f5 dxe5 26. d6 Bxe4 27. Nxe4 Qc6 28. fxg6 hxg6 29. Qf6+ Kg8 30. Qxe5 b4 31. Nf6+ Kf8 32. Nd5 1-0

[Event "ESP-ch U20"]
[Site "Mondariz"]
[Date "2002.09.05"]
[Round "9"]
[White "Pascual Genoves, Marc"]
[Black "Fraga Castro, Jose Carlos"]
[Result "1-0"]
[WhiteElo "2090"]
[BlackElo "2215"]
[PlyCount "41"]
[EventDate "2002.08.28"]
[EventType "swiss"]
[EventRounds "9"]
[EventCountry "ESP"]
[SourceTitle "CBM 090 Extra"]
[Source "ChessBase"]
[SourceDate "2002.11.07"]
[SourceVersion "1"]
[SourceVersionDate "2002.11.07"]
[SourceQuality "1"]

1. d4 Nf6 2. Nf3 c5 3. e3 g6 4. c4 Bg7 5. Nc3 0-0 6. Be2 cxd4 7. exd4 d5 8. c5 Ne4 9. 0-0 Nc6 10. Re1 f6 11. Nxe4 dxe4 12. Bc4+ Kh8 13. Rxe4 f5 14. Re1 Nxd4 15. Nxd4 Qxd4 16. Qxd4 Bxd4 17. Rxe7 Bxc5 18. Rc7 Bd4 19. Bh6 Re8 20. Rd1 Be5 21. Re7 1-0

[Event "ESP-ch U20"]
[Site "Mondariz"]
[Date "2002.08.29"]
[Round "2"]
[White "Fraga Castro, Jose Carlos"]
[Black "Alcazar Jimenez, Victor Manuel"]
[Result "0-1"]
[WhiteElo "2153"]
[BlackElo "2326"]
[PlyCount "68"]
[EventDate "2002.08.28"]
[EventType "swiss"]
[EventRounds "9"]
[EventCountry "ESP"]
[SourceTitle "CBM 090 Extra"]
[Source "ChessBase"]
[SourceDate "2002.11.07"]
[SourceVersion "1"]
[SourceVersionDate "2002.11.07"]
[SourceQuality "1"]

1. e4 c5 2. Nf3 e6 3. d4 cxd4 4. Nxd4 a6 5. Nc3 Qc7 6. g3 Nf6 7. Bg2 Nc6 8. 0-0 Be7 9. Kh1 0-0 10. f4 d6 11. a4 Bd7 12. Nxc6 Bxc6 13. b3 b5 14. Qe2 b4 15. Nb1 Rfc8 16. Nd2 Bb7 17. Nc4 a5 18. e5 d5 19. exf6 Bxf6 20. Ne5 Ba6 21. Qe3 Bxf1 22. Bxf1 Qxc2 23. Bd3 Qd1+ 24. Kg2 Bxe5 25. fxe5 Rc3 26. Be2 Qxb3 27. Qf4 Rc2 28. Bd2 Qb2 29. Rf1 Rf8 30. Rd1 Qb3 31. Qg4 Rfc8 32. Bh6 g6 33. Kf1 Qb2 34. Qf4 Rxe2 0-1